[Event "Kolkata op2"]
[Site "Kolkata"]
[Date "1994.??.??"]
[Round "?"]
[White "Al Modiahki, Mohamad"]
[Black "Narayana, Samy S"]
[Result "1-0"]
[WhiteElo "2380"]
[BlackElo "2255"]
[PlyCount "85"]
[EventDate "1994.??.??"]
[EventType "swiss"]
[EventRounds "11"]
[EventCountry "IND"]
[SourceTitle "EXT 1997"]
[Source "ChessBase"]
[SourceDate "1996.11.15"]
[SourceVersion "1"]
[SourceVersionDate "1996.11.15"]
[SourceQuality "1"]

1. e4 c6 2. d4 d5 3. exd5 cxd5 4. c4 Nf6 5. Nc3 g6 6. cxd5 Bg7 7. Qb3 0-0 8. Be2 Nbd7 9. Bf3 Nb6 10. Nge2 Bf5 11. a4 a5 12. Qb5 Bd7 13. Qc5 Bf5 14. Bf4 Nfd7 15. Qb5 Nf6 16. 0-0 Ra6 17. Rac1 Ne8 18. Rfd1 Nd6 19. Qb3 Bd7 20. Ng3 Qe8 21. Be2 Nxa4 22. Bxa6 Nxc3 23. Qxc3 bxa6 24. Qxa5 Bb5 25. Re1 Qd7 26. Qc7 Qg4 27. Be5 Qg5 28. f4 Qh4 29. Bxg7 Kxg7 30. Qxe7 Qxf4 31. Qe5+ Qf6 32. Re3 Qxe5 33. dxe5 Nc4 34. Re2 Re8 35. e6 fxe6 36. dxe6 Re7 37. Rec2 Ne3 38. Rc7 Nd5 39. Rxe7+ Nxe7 40. Ne4 Nc6 41. Nd6 Ne7 42. Nxb5 axb5 43. Rf1 1-0

[Event "Kolkata op2"]
[Site "Kolkata"]
[Date "1994.??.??"]
[Round "?"]
[White "Narayana, Samy S"]
[Black "Neelakantan, Narayanan"]
[Result "1-0"]
[WhiteElo "2255"]
[BlackElo "2245"]
[PlyCount "75"]
[EventDate "1994.??.??"]
[EventType "swiss"]
[EventRounds "11"]
[EventCountry "IND"]
[SourceTitle "EXT 1997"]
[Source "ChessBase"]
[SourceDate "1996.11.15"]
[SourceVersion "1"]
[SourceVersionDate "1996.11.15"]
[SourceQuality "1"]

1. e4 c5 2. Nc3 Nc6 3. g3 g6 4. Bg2 Bg7 5. d3 e5 6. Be3 d6 7. Qd2 Nge7 8. Bh6 0-0 9. h4 Nd4 10. Bxg7 Kxg7 11. Nd1 Be6 12. c3 Ndc6 13. h5 Ng8 14. Nh3 f6 15. hxg6 hxg6 16. Ng1 d5 17. exd5 Bxd5 18. f3 Re8 19. Nf2 Qd6 20. 0-0-0 Bxa2 21. Ne4 Qe7 22. Nh3 Na5 23. Qe3 Nb3+ 24. Kc2 Rac8 25. Nhf2 Nd4+ 26. Kd2 Nf5 27. Qe1 Rcd8 28. g4 Nd6 29. Kc1 Bb3 30. Rh2 Qc7 31. Qh1 Qa5 32. Rh8 Qa1+ 33. Kd2 Nxe4+ 34. fxe4 Qxb2+ 35. Ke3 Bf7 36. Rb1 Qxc3 37. Qh7+ Kf8 38. Rxb7 1-0